Tough Riddles Quiz Stats

 Plays Quiz not verified by Sporcle

Score 0/10 Timer 08:00
0 Plays Today
Riddle Answer % Correct
I am so simple, that i only point. But yet i guide men all over the worldCompass
69.8%
You call me once, and i speak the same. Then i die until you call me againEcho
66.8%
Until you measure me, im not known. But how you'll miss me when i've flownTime
62.4%
Voiceless it cries, wingless it flutters, toothless it bites, mouthless it muttersWind
46.7%
A box without hinges, key, or lid. But inside golden treasure is hidEgg
38.4%
Two bodies have i. Both joined in one. The more I stand still the quicker I runHourglass
27.7%
Alive without breath, as cold as death. Never thirsty, ever drinking, always seeing, never blinkingFish
19.6%
In a green house is a white house. In the white house is a red house. In the red house are dozens of babiesWatermelon
19.3%
i run with no legs, no heat have i, but yet have steam. no voice to cry out, yet from afar you hear me shoutWaterfall
11.9%
My thunder comes before the lightning. My lightning comes before the clouds. My rain dries all the land it touchesVolcano
8.4%

You're not logged in!

Compare scores with friends on all Sporcle quizzes.
OR
Log In

Show Comments

Extras

Created Oct 28, 2010ReportNominate
Tags:riddle, tough, trick, tricky

Top Quizzes Today


Score Distribution

Your Account Isn't Verified!

In order to create a playlist on Sporcle, you need to verify the email address you used during registration. Go to your Sporcle Settings to finish the process.

Report this User

Report this user for behavior that violates our Community Guidelines.

Details: